[Event "Bohemians (Women)"]
[Site "Prague"]
[Date "1992.??.??"]
[Round "1"]
[White "Eretova, Kveta"]
[Black "Sikora Gizynska, Bozena"]
[Result "0-1"]
[WhiteElo "2130"]
[BlackElo "2225"]

1.Nf3 e6 2.c4 d5 3.g3 Nf6 4.Bg2 Be7 5.O-O d4 6.e3 c5 7.exd4 cxd4 8.d3 Nc6
9.Re1 O-O 10.Nbd2 a5 11.a3 Nd7 12.Qc2 a4 13.b4 axb3 14.Nxb3 Nc5 15.Nxc5 Bxc5
16.Nd2 Re8 17.Nb3 Bf8 18.Bb2 e5 19.Nd2 Bf5 20.c5 Qa5 21.Ne4 Bxe4 22.Bxe4 Qxc5
23.Qxc5 Bxc5 24.Rec1 Ra5 25.Rc4 Rc8 26.Bc1 b6 27.Rb1 Ne7 28.Rb3 Ra7 29.f4 exf4
30.Bxf4 Rxa3 31.Rxa3 Bxa3 32.Ra4 Bc5 33.Kg2 Ng6 34.Bd2 Ne5 35.Bf4 Ng6 36.Bd2 Re8
37.Kh3 Ne5 38.Ra7 h5 39.Rb7 Ng4 40.Be1 Nf6  0-1

[Event "Prague Chip"]
[Site "Prague"]
[Date "1992.??.??"]
[Round "1"]
[White "Stohl, Igor"]
[Black "Smagin, Sergey"]
[Result "1/2-1/2"]
[WhiteElo "2560"]
[BlackElo "2550"]

1.c4 e6 2.Nf3 d5 3.d4 Nf6 4.g3 dxc4 5.Bg2 c5 6.O-O Nc6 7.Qa4 Bd7 8.Qxc4 b5
9.Qd3 Rc8 10.dxc5 Bxc5 11.Nc3 b4 12.Ne4 Nxe4 13.Qxe4 Qe7 14.Rd1 e5 15.Be3 f5
16.Qd3 Bxe3 17.Qxe3 e4 18.Nd4 Ne5 19.Qb3 a5 20.Qd5 Rc5 21.Qa8+ Rc8 22.Qxa5 O-O
23.Rac1 g6 24.Nb3 Rxc1 25.Rxc1 Qd6 26.Qc5 Rf6 27.f3 exf3 28.exf3 f4 29.gxf4 Qxc5+
30.Nxc5 Rxf4 31.Re1 Rf5 32.Nxd7 Nxd7 33.Re4 Ra5 34.Bf1 Ne5 35.f4 Nf3+ 36.Kg2 Nd2
37.Rxb4 Nxf1 38.Kxf1 Rxa2 39.Rb7 Ra4 40.b4 Ra2 41.Kg1 Rb2 42.b5 h6 43.b6 Kf8
44.h4 h5 45.Kf1 Ke8 46.Ke1 Kd8 47.Rb8+ Kd7 48.Kd1 Rb4 49.Ke2  1/2-1/2

[Event "Bohemians (Women)"]
[Site "Prague"]
[Date "1992.??.??"]
[Round "5"]
[White "Palatkova, Eliska"]
[Black "Sikora Gizynska, Bozena"]
[Result "0-1"]
[WhiteElo "2005"]
[BlackElo "2225"]

1.c4 e6 2.Nf3 d5 3.g3 g6 4.Bg2 Bg7 5.O-O Ne7 6.d3 O-O 7.Qc2 Nbc6 8.Bd2 h6
9.a3 Kh7 10.Ra2 a5 11.b4 Nf5 12.cxd5 exd5 13.e3 axb4 14.axb4 Rxa2 15.Qxa2 Be6
16.d4 Nd6 17.Qb3 Na7 18.Nc3 Nab5 19.Nxb5 Nxb5 20.Rc1 c6 21.Ne1 Re8 22.Nd3 Bf5
23.Nc5 b6 24.Na4 Bd7 25.Bf1 Nd6 26.Be1 b5 27.Nc5 Bf5 28.Ra1 Bc8 29.Bg2 Nc4
30.Qc3 Qe7 31.Bd2 h5 32.h4 Bh6 33.Re1 Bf5 34.Bc1 Qf6 35.Nb3 Ra8 36.Na5 Bf8
37.Nxc4 bxc4 38.b5 Rb8 39.bxc6 Qxc6 40.Ba3 Rb3  0-1

[Event "Prague DDM-C"]
[Site "Prague"]
[Date "1992.??.??"]
[Round "6"]
[White "Liebert, Heinz"]
[Black "Netusil, Miroslav"]
[Result "1-0"]
[WhiteElo "2380"]
[BlackElo "2305"]

1.c4 e6 2.Nf3 d5 3.g3 Nf6 4.d4 c5 5.cxd5 exd5 6.Bg2 Nc6 7.O-O Be7 8.Nc3 O-O
9.Be3 Ng4 10.Bf4 Be6 11.dxc5 Bxc5 12.Na4 Be7 13.Nd4 Nxd4 14.Qxd4 Bf6 15.Qb4 g5
16.Bd2 Be7 17.Qxb7 Rb8 18.Qa6 Ne5 19.b3 Qd7 20.Rac1 Bh3 21.f4 Bxg2 22.Kxg2 Ng6
23.Qd3 d4 24.fxg5 Rbe8 25.Kg1 Bd6 26.Rce1 Re5 27.Nb2 Qh3 28.Nc4 Re3 29.Nxe3 dxe3
30.Qxd6 exd2 31.Qxd2 Ne5 32.Rf6 Ng4 33.Rh6 Nxh6 34.gxh6 Kh8 35.Qg5  1-0

[Event "Prague DDM-C"]
[Site "Prague"]
[Date "1992.??.??"]
[Round "8"]
[White "Becker, Marc"]
[Black "Netusil, Miroslav"]
[Result "1-0"]
[WhiteElo "2340"]
[BlackElo "2305"]

1.c4 e6 2.Nf3 d5 3.b3 Nf6 4.g3 c5 5.Bb2 Nc6 6.e3 Be7 7.Bg2 dxc4 8.bxc4 Qd3
9.Bf1 Qd8 10.d3 O-O 11.Bg2 Qb6 12.Qe2 Nb4 13.Ne5 Nd7 14.a3 Nxe5 15.Bxe5 Nc6
16.Bc3 f5 17.O-O Bf6 18.Bxf6 Rxf6 19.Nc3 Bd7 20.Rab1 Qc7 21.Rfd1 Na5 22.d4 cxd4
23.exd4 Rc8 24.c5 a6 25.Rb6 Re8 26.Rdb1 Rb8 27.Qe5 Qxe5 28.dxe5 Rff8 29.Bxb7 Nc4
30.Rxa6 Nxe5 31.c6 Bc8 32.Rab6 Bxb7 33.cxb7 Rf7 34.Rxe6 Nd7 35.Rc6 Ne5 36.Rc8+ Rf8
37.Nd5 Kf7 38.Rxf8+ Kxf8 39.Nc7  1-0

[Event "Protvino"]
[Site "Protvino"]
[Date "1992.??.??"]
[Round "?"]
[White "Nesterov, Jakov"]
[Black "Boguslawsky, Maxim"]
[Result "1-0"]
[WhiteElo "2420"]
[BlackElo "2420"]

1.c4 e6 2.Nf3 d5 3.d4 c6 4.Qc2 Nf6 5.g3 Be7 6.Bg2 Nbd7 7.O-O O-O 8.b3 b6
9.Nc3 Bb7 10.Rd1 Rc8 11.e4 dxe4 12.Nxe4 c5 13.Nxf6+ Bxf6 14.Ng5 Bxg5 15.Bxb7 Rc7
16.Be4 h6 17.dxc5 bxc5 18.Bb2 Qe7 19.Rd3 Rd8 20.Rad1 Rcc8 21.Ba3 Qe8 22.Bb7 Rc7
23.Ba6 Ne5 24.Rxd8 Bxd8 25.Bb5 Qf8 26.Qe4 Bf6 27.Kg2 Qc8 28.Rd6 Ng6 29.h4 Ne7
30.b4 cxb4 31.Bxb4 Nf5 32.Ra6 Nd4 33.Bd6 Nxb5 34.cxb5 Rc4 35.Rc6 Rxe4 36.Rxc8+ Kh7
37.Rc7 Ra4 38.Bc5 Rxa2 39.Rxa7 Rc2 40.Be3 Kg6 41.b6 Rb2 42.Rd7 Be5 43.Kf1 h5
44.f4 Rb3 45.Ke2 Bb2 46.b7 Ba3 47.Ba7 Bd6 48.Rxd6 Rxb7 49.Be3 Rb3 50.Rb6 Ra3
51.Rb5 f6 52.Kf3 Rc3 53.Ke4 Ra3 54.Rc5 Ra4+ 55.Bd4 Ra3 56.Bc3 Ra4+ 57.Kf3 Ra3
58.Rc7 Kf5 59.Kg2 Ra2+ 60.Kh3 Ke4 61.Rxg7 Kf3 62.Bxf6 Rg2 63.Bd4 Rd2 64.Bg1 Ke2
65.Rg5  1-0

[Event "CRO-Cup"]
[Site "Pula"]
[Date "1992.??.??"]
[Round "6"]
[White "Lejlic, Samir"]
[Black "Lalic, Bogdan"]
[Result "0-1"]
[WhiteElo "2310"]
[BlackElo "2515"]

1.c4 e6 2.Nf3 d5 3.e3 Nf6 4.Nc3 c6 5.b3 Bd6 6.Be2 O-O 7.O-O b6 8.Bb2 Bb7
9.Rc1 Nbd7 10.Rc2 a6 11.cxd5 exd5 12.Qc1 Qe7 13.Nd4 g6 14.Nf3 Rfe8 15.d4 b5
16.a4 Ne4 17.Nxe4 dxe4 18.Nd2 Nf6 19.Nb1 Qe6 20.Ba3 b4 21.Bc4 Qf5 22.Bb2 Qh5
23.h3 Qg5 24.f4 exf3 25.Rxf3 Nd5 26.Re2 Re7 27.e4 Nf4 28.Kh1 Rxe4 29.Bxf7+ Kxf7
30.Qc4+ Kf8  0-1

[Event "Reggio Emilia9293"]
[Site "Reggio Emilia"]
[Date "1992.??.??"]
[Round "7"]
[White "Sarno, Spartaco"]
[Black "Godena, Michele"]
[Result "1/2-1/2"]
[WhiteElo "2430"]
[BlackElo "2435"]

1.c4 e6 2.Nf3 d5 3.b3 Nf6 4.g3 Be7 5.Bg2 O-O 6.O-O a5 7.d3 a4 8.Na3 axb3
9.axb3 b6 10.Bb2 Bb7 11.Nc2 Nbd7 12.Ncd4 Ne8 13.Qc2 c5 14.Rxa8 Bxa8 15.Nb5 Nc7
16.Nxc7 Qxc7 17.Ra1  1/2-1/2

[Event "ROM-ch (Women)"]
[Site "?"]
[Date "1992.??.??"]
[Round "1"]
[White "Cretu, Alina"]
[Black "Baciu Ionescu, Otilia"]
[Result "0-1"]
[WhiteElo "2040"]
[BlackElo "2160"]

1.c4 e6 2.Nf3 d5 3.g3 Nf6 4.Bg2 Be7 5.O-O O-O 6.d4 dxc4 7.Qc2 a6 8.a4 Bd7
9.Qxc4 Bc6 10.Bf4 Bd6 11.Nc3 Bxf4 12.gxf4 Qd6 13.e3 Nbd7 14.Rfe1 Nb6 15.Qd3 Qb4
16.Qc2 Qa5 17.Ne5 Bxg2 18.Kxg2 Nfd5 19.Ne4 f6 20.Nd3 Nd7 21.Ndc5 Nxc5 22.Nxc5 b6
23.Nxe6 Nxe3+ 24.fxe3 Qd5+ 25.Kf2 Qxe6 26.Qxc7 Qh3 27.Rg1 Rf7 28.Qxb6 Rc8
29.Rac1 Qxh2+ 30.Kf3 Qh5+ 31.Kg3 Re8 32.Qb3 Kh8 33.Rc5 Qe2 34.Rc3 Rfe7 35.Qd1 Rxe3+
36.Rxe3 Rxe3+ 37.Kh4 Qh2+  0-1

[Event "ROM-ch (Women)"]
[Site "?"]
[Date "1992.??.??"]
[Round "7"]
[White "Cretu, Alina"]
[Black "Marin Ionescu, Luiza"]
[Result "0-1"]
[WhiteElo "2040"]
[BlackElo "2155"]

1.c4 e6 2.Nf3 d5 3.g3 Nf6 4.Bg2 Be7 5.O-O O-O 6.d4 dxc4 7.Qc2 a6 8.a4 Bd7
9.Qxc4 Bc6 10.Bg5 Bd5 11.Qd3 c5 12.dxc5 Nbd7 13.Nc3 Nxc5 14.Qe3 Qa5 15.Rfc1 Bxf3
16.b4 Qxb4 17.Rab1 Qa5 18.Bxf3 Rac8 19.Qd2 Rfd8 20.Qb2 h6 21.Be3 Nxa4 22.Nxa4 Rxc1+
23.Rxc1 Qxa4 24.Qxb7 Qa3 25.Rc7 Bf8 26.Rxf7 Qd6 27.Bxh6 Ne8 28.Bf4 e5 29.Qb3 Qd1+  0-1

[Event "ROM-chT"]
[Site "?"]
[Date "1992.??.??"]
[Round "?"]
[White "Badea, Bela"]
[Black "Negulescu, Adrian"]
[Result "1/2-1/2"]
[WhiteElo "2395"]
[BlackElo "2410"]

1.c4 e6 2.Nf3 d5 3.g3 dxc4 4.Qa4+ Qd7 5.Qxc4 Qc6 6.b3 Qxc4 7.bxc4 c5 8.Nc3 a6
9.Bg2 Nf6 10.O-O Nc6 11.Rb1 Be7 12.d3 O-O 13.Bf4 Nd7 14.Nd2 f5 15.Bxc6 bxc6
16.Nb3 e5 17.Bd2 h6 18.Na4 e4 19.dxe4 fxe4 20.Bc3 Ra7  1/2-1/2

[Event "San Copiapo"]
[Site "San Copiapo"]
[Date "1992.??.??"]
[Round "2"]
[White "Nogueiras, Jesus"]
[Black "Araya, Mario"]
[Result "1-0"]
[WhiteElo "2550"]
[BlackElo "2395"]

1.c4 e6 2.Nf3 d5 3.g3 Nf6 4.Bg2 Be7 5.O-O O-O 6.b3 c5 7.Bb2 Nc6 8.e3 d4 9.exd4 cxd4
10.Re1 Re8 11.a3 a5 12.d3 Bf8 13.Ne5 Ra6 14.Nd2 Nxe5 15.Rxe5 Nd7 16.Rb5 Nc5
17.Ne4 b6 18.Nxc5 bxc5 19.Bc1 Bd6 20.Bd2 Bd7 21.a4 Ra7 22.Qe1 Bxb5 23.axb5 Bc7
24.b4 cxb4 25.Bxb4 axb4 26.Rxa7 Bb6 27.Rb7 Qd6 28.Bf3 g6 29.Bd1 Re7 30.Qe4 Kg7
31.Qc6 Qxc6 32.bxc6 Bc7 33.c5 e5 34.Ra7 Kf8 35.Rb7 Ba5 36.Rb6 Kg7 37.Bb3  1-0

[Event "EU-ch U20"]
[Site "Sas van Gent"]
[Date "1992.??.??"]
[Round "10"]
[White "Barkhagen, Jonas"]
[Black "Santos, Carlos P"]
[Result "1-0"]
[WhiteElo "2405"]
[BlackElo "2325"]

1.c4 e6 2.Nf3 d5 3.b3 Nf6 4.g3 Be7 5.Bg2 O-O 6.O-O c6 7.Bb2 a5 8.d3 Nbd7
9.Qc2 a4 10.Nbd2 Qc7 11.d4 a3 12.Bc3 b5 13.c5 e5 14.Nxe5 Nxe5 15.dxe5 Ng4
16.Nf3 Bxc5 17.h3 Nxf2 18.Rxf2 Qb6 19.Rf1 b4 20.Be1 g6 21.Bd2 Ba6 22.Bh6 f5
23.Qd2 Rf7 24.Bf4 Rd8 25.Ne1 Bd4 26.Nf3 Bc3 27.Qc2 c5 28.e6 Ra7 29.e7 Rxe7
30.Bg5 Red7 31.Bxd8 Rxd8 32.Kh1 c4 33.Ng5 Qe3 34.Rxf5 cxb3 35.Rxd5 bxc2 36.Rxd8+ Kg7
37.Rd7+ Kh6 38.Nf7+ Kh5 39.Bf3+ Qxf3+ 40.exf3 Bc4 41.Rc1 Bxa2 42.Rxc2 Bxf7
43.Ra7 Bd4 44.Rxf7 b3 45.h4 h6 46.Rh2 g5 47.hxg5+ Kg6 48.Rf8 Ba7 49.Rd8 a2
50.Rxa2 bxa2 51.Rd6+ Kf5 52.Ra6 Bd4 53.Rxa2 hxg5 54.Rg2  1-0

[Event "SCO-ch"]
[Site "?"]
[Date "1992.??.??"]
[Round "4"]
[White "Grant, Jonathan"]
[Black "McKay, Roderick M"]
[Result "1/2-1/2"]
[WhiteElo "2245"]
[BlackElo "2380"]

1.c4 e6 2.Nf3 d5 3.b3 c5 4.g3 Nc6 5.e3 Be7 6.Bb2 Bf6 7.Nc3 Nge7 8.Bg2 O-O
9.d3 dxc4 10.bxc4 Nb4 11.Ke2 Bd7 12.a3 Na6 13.Qd2 Bc6 14.Rhd1 Qd7 15.Kf1 Rfd8
16.Rab1 Nc7 17.Kg1 Ne8 18.Ne1 Nd6 19.Qe2 a6 20.e4 Bd4 21.Nf3 Re8 22.Nxd4 cxd4
23.Na2 e5 24.Nb4 Rab8 25.f4 f6 26.Bc1 Ba4 27.Rf1 a5 28.Nd5 Nxd5 29.cxd5 Rbc8
30.fxe5 fxe5 31.Qh5 Bc2 32.Bh3 Qxh3 33.Qxh3  1/2-1/2

[Event "Simferopol (Women)"]
[Site "Simferopol"]
[Date "1992.??.??"]
[Round "47"]
[White "Lelchuk, Zoja"]
[Black "Nepeina Leconte, Maria"]
[Result "1/2-1/2"]
[WhiteElo "2350"]
[BlackElo "2210"]

1.c4 e6 2.Nf3 d5 3.g3 c5 4.Bg2 Nc6 5.O-O Nf6 6.cxd5 exd5 7.d4 Be7 8.dxc5 Bxc5
9.Qc2 Be7 10.Rd1 O-O 11.Nc3 Qa5 12.Bg5 d4 13.Bxf6 Bxf6 14.Ne4 Qf5 15.Nxf6+ Qxf6
16.Qc5 Rd8 17.Rd2 Be6 18.Qg5 Qxg5 19.Nxg5 Bd5 20.e4 Bc4 21.b3 Ba6 22.Rad1 d3
23.Bf1 Rd4 24.f3 Ne5 25.Kf2 Rc8 26.Ke3 Rd6 27.f4 Ng4+ 28.Kf3 h6 29.e5 Rd4
30.Ne4 Rc2 31.Kxg4 Rxe4 32.Rxd3 Kh7 33.Rd7 Bxf1 34.Rxf1 Kg6 35.Rd6+ f6 36.exf6 gxf6
37.h4 h5+ 38.Kf3 Ree2 39.a4 Rb2 40.Rd3 Rec2 41.Ke4 Re2+ 42.Kd4 Kf5 43.Rc1 Rbc2
44.Rxc2 Rxc2 45.Kd5 Rc8 46.Re3 Rd8+ 47.Kc5 Rd7 48.a5 Kg4 49.b4 Rc7+ 50.Kd5 a6
51.Ke6 Rc6+ 52.Kf7 f5 53.Ke7 Rc4 54.Rb3 Rd4 55.Ke6 Rd2 56.Rc3 Rd4 57.Rc7 Kxg3
58.Rxb7 Rxf4 59.Rb6 Kxh4 60.Ke5 Kg3 61.Rxa6 Rxb4 62.Kxf5  1/2-1/2

[Event "St Petersburg op"]
[Site "St Petersburg"]
[Date "1992.??.??"]
[Round "?"]
[White "Razuvaev, Yuri S"]
[Black "Novik, Maxim"]
[Result "1-0"]
[WhiteElo "2575"]
[BlackElo "2420"]

1.c4 e6 2.Nf3 d5 3.d4 c5 4.cxd5 exd5 5.g3 Nc6 6.Bg2 Nf6 7.O-O Be7 8.Nc3 O-O
9.Bf4 Bg4 10.dxc5 Bxc5 11.Rc1 d4 12.Na4 Bb6 13.Ne5 Bh5 14.Nxc6 bxc6 15.Rxc6 Re8
16.Rd6 Qe7 17.Nxb6 Bxe2 18.Re1 Qxd6 19.Bxd6 Bxd1 20.Rxd1 axb6 21.Bxa8 Rxa8
22.a3 Rc8 23.Rxd4 h5 24.h3 Rc2 25.Be5 Kh7 26.Bxf6 gxf6 27.Rb4 Rc6 28.Kg2 Kg6
29.Kf3 f5 30.h4 Re6 31.a4 Kf6 32.Kf4 Kg6 33.b3 Kf6 34.Rd4 Kg6 35.f3 f6 36.Rd5  1-0

[Event "Suhr op"]
[Site "Suhr"]
[Date "1992.??.??"]
[Round "9"]
[White "Landenbergue, Claude"]
[Black "Ciric, Dragoljub M"]
[Result "0-1"]
[WhiteElo "2410"]
[BlackElo "2375"]

1.c4 e6 2.Nf3 d5 3.g3 Nf6 4.Bg2 Be7 5.O-O O-O 6.b3 c5 7.e3 Nc6 8.Bb2 b6 9.Qe2 Bb7
10.Rd1 Rc8 11.Nc3 d4 12.exd4 cxd4 13.Nb5 d3 14.Qf1 Ne4 15.Nfd4 Nxd4 16.Nxd4 Bc5
17.Qxd3 f5 18.b4 Bxd4 19.Qxd4 Qxd4 20.Bxd4 Rxc4 21.Be5 Rxb4 22.d3 Nc5 23.Bd6 Rd8
24.d4 Rxd6 25.dxc5 Rxd1+ 26.Rxd1 Bxg2 27.Kxg2 bxc5 28.Rd8+ Kf7 29.Rd7+ Kf6
30.Rxa7 Rb2 31.h4 c4 32.Rc7 Rb4 33.Kf1 Ra4 34.Ke1 h5 35.Rc5 g5 36.hxg5+ Kxg5
37.Re5 Kf6 38.Rc5 Ke7 39.a3 Kd6 40.Rc8 Kd5 41.Rh8 c3 42.Ke2 Rxa3 43.Rxh5 Ra2+
44.Ke3 Kc4 45.Rh8 Ra5 46.Rc8+ Rc5 47.Rxc5+ Kxc5 48.Kd3 Kb4 49.Kc2 e5 50.f3 e4  0-1

[Event "TaSY op"]
[Site "Tampere"]
[Date "1992.??.??"]
[Round "2"]
[White "Hermlin, Aarne"]
[Black "Paldanius, Pekka"]
[Result "1-0"]
[WhiteElo "2355"]
[BlackElo "2245"]

1.c4 e6 2.Nf3 d5 3.e3 Nf6 4.d4 c5 5.Nc3 Nc6 6.a3 a6 7.dxc5 Bxc5 8.b4 Ba7
9.Qc2 O-O 10.Bb2 Qe7 11.Rd1 Rd8 12.Be2 d4 13.exd4 Nxd4 14.Nxd4 Bxd4 15.O-O e5
16.Rd2 g6 17.Re1 Bf5 18.Bd3 Bxf2+ 19.Kxf2 Ng4+ 20.Ke2 e4 21.Bxe4 Qg5 22.Rd3 Ne5
23.Bxf5 Qxg2+ 24.Kd1 Qf3+ 25.Qe2 Qxf5 26.Qxe5 Qxd3+ 27.Kc1 Qxc4 28.Kb1 Rd2
29.Na4 Rxb2+ 30.Nxb2 Qc6 31.Rc1 Qg2 32.Rc7 Qf1+ 33.Ka2 Qf3 34.h4 a5 35.bxa5 h6
36.a6  1-0

[Event "Toronto op3"]
[Site "Toronto"]
[Date "1992.??.??"]
[Round "4"]
[White "Bekefi, Laszlo"]
[Black "Johnstone, Glenn"]
[Result "1-0"]
[WhiteElo "2300"]
[BlackElo "2300"]

1.c4 e6 2.Nf3 d5 3.g3 Nf6 4.Bg2 Be7 5.O-O O-O 6.b3 Nbd7 7.Bb2 b6 8.Nc3 Bb7
9.Rc1 c5 10.cxd5 Nxd5 11.Qc2 Rc8 12.Rfd1 Bf6 13.Qb1 Qe7 14.d4 Nxc3 15.Bxc3 cxd4
16.Bxd4 Nc5 17.Qb2 Bxd4 18.Rxd4 e5 19.Rdd1 e4 20.Qe5 Rc7 21.Qxe7 Rxe7 22.Nd4 f5
23.b4 Na4 24.Rc2 e3 25.Bxb7 exf2+ 26.Kxf2 Rxb7 27.e3 g6 28.Rdc1 Rd7 29.Rc8 Rxc8
30.Rxc8+ Kf7 31.Ke2 Kf6 32.Kd3 b5 33.Kc2 Nb6 34.Rc6+ Ke7 35.Re6+ Kf7 36.Re5 Nc4
37.Rc5 Nxe3+ 38.Kd3 Nf1 39.Rc2 Re7 40.Nxb5 Ne3  1-0

[Event "Voskresensk"]
[Site "Voskresensk"]
[Date "1992.??.??"]
[Round "?"]
[White "Zlotnikov, Mikhail"]
[Black "Chernosvitov, Alexander"]
[Result "0-1"]
[WhiteElo "2375"]
[BlackElo "2405"]

1.c4 e6 2.Nf3 d5 3.b3 Nf6 4.Bb2 c5 5.e3 Nc6 6.cxd5 exd5 7.Bb5 Be7 8.O-O O-O
9.d4 cxd4 10.Nxd4 Nxd4 11.Qxd4 Qa5 12.Bd3 Be6 13.Nc3 Rfc8 14.Rfc1 Ba3 15.Bxa3 Qxa3
16.Rc2 a6 17.Rb1 Qa5 18.b4 Qd8 19.a4 Rc7 20.a5 Rac8 21.Rbc1 Qd7 22.h3 h6
23.Qe5 Ne8 24.f4 f6 25.Qd4 f5 26.Qe5 Qd6 27.Qd4 Qd7 28.Ne2 Rxc2 29.Rxc2 Rxc2
30.Bxc2 Qc7 31.Bd3 Nf6 32.Kh2 Ne4 33.Bxe4 dxe4 34.Qa7 Kh7 35.b5 Bc4 36.b6 Qc8
37.Nd4 Kg6 38.g4 fxg4 39.hxg4 Kf6 40.Nf5 Bd5 41.Nd6 Qc2+ 42.Kg3 Qe2 43.Qb8 Qxe3+
44.Kg2 Qf3+  0-1

[Event "Voskresensk"]
[Site "Voskresensk"]
[Date "1992.??.??"]
[Round "?"]
[White "Zlotnikov, Mikhail"]
[Black "Iuldachev, Saidali"]
[Result "1-0"]
[WhiteElo "2375"]
[BlackElo "2370"]

1.c4 e6 2.Nf3 d5 3.b3 c5 4.Bb2 Nc6 5.e3 Nf6 6.cxd5 exd5 7.Bb5 Bd6 8.O-O Bg4
9.h3 Bh5 10.d4 cxd4 11.Bxd4 O-O 12.Bb2 Rc8 13.Be2 Bb8 14.Nbd2 Re8 15.Re1 Nb4
16.Rf1 Qd6 17.a3 Rc2 18.Bxf6 Rxd2 19.Qxd2 Bxf3 20.g3 Bxe2 21.Qxe2 Nc6 22.Bb2 d4
23.Rad1 Qe6 24.Bxd4 Qxh3 25.Qf3 h5 26.Bc5 Re6 27.Rd5 h4 28.Rh5 Rg6 29.Qe4 Ne5
30.Rd1 Bc7 31.Qxe5 Qc8 32.Qf5 Qxf5 33.Rxf5  1-0

[Event "Sonnevanck"]
[Site "Wijk aan Zee"]
[Date "1992.??.??"]
[Round "2"]
[White "Blees, Albert"]
[Black "Kuijf, Marinus"]
[Result "1-0"]
[WhiteElo "2415"]
[BlackElo "2420"]

1.c4 e6 2.Nf3 d5 3.g3 dxc4 4.Qa4+ Nd7 5.Qxc4 b6 6.Bg2 Bb7 7.O-O Ngf6 8.d3 Bd6
9.Nc3 a6 10.Bf4 O-O 11.Rac1 b5 12.Qb3 Bxf4 13.gxf4 Nh5 14.e3 Nc5 15.Qc2 Qxd3
16.Ne2 Qxc2 17.Rxc2 Nd3 18.Rxc7 Bd5 19.Nc3 Nf6 20.b3 Rfc8 21.Nxd5 Nxd5 22.Rxc8+ Rxc8
23.Nd4 Nc3 24.Ra1 Rd8 25.Kf1 g6 26.Bf3 Rd6 27.Ne2 b4 28.a3 Nc5 29.axb4 Nxb3
30.Ra3 Nb1 31.Ra2 N1d2+ 32.Kg2 Nxf3 33.Kxf3 Nd2+ 34.Kg2 Ne4 35.Nd4 Nc3 36.Rc2 Nd5
37.Nc6 Kg7 38.Kf3 Kf8 39.Rc5 Ne7 40.Ne5 Nd5 41.Rc8+ Kg7 42.e4 Nxb4 43.Rc7 a5
44.Kg4 Nd3 45.Nxf7 Nxf2+ 46.Kf3 Rd2 47.Ng5+ Kg8 48.Nxe6 h5 49.Rg7+ Kh8 50.Rxg6 a4
51.Rh6+ Kg8 52.Rxh5 a3 53.Ra5 a2 54.f5 Nd1 55.Ra7 Rxh2 56.Kg3 Rf2 57.Nf4 Rb2
58.f6 Rb6 59.Rg7+  1-0

[Event "Hoogovens-B"]
[Site "Wijk aan Zee"]
[Date "1992.??.??"]
[Round "3"]
[White "Winants, Luc"]
[Black "Moskalenko, Viktor"]
[Result "1-0"]
[WhiteElo "2515"]
[BlackElo "2505"]

1.c4 e6 2.Nf3 d5 3.b3 c5 4.g3 Nc6 5.Bg2 d4 6.O-O e5 7.e3 e4 8.Ne1 f5 9.d3 Nf6
10.exd4 cxd4 11.Bg5 Be7 12.dxe4 fxe4 13.Nd2 Bg4 14.f3 exf3 15.Bxf3 Bxf3 16.Qxf3 O-O
17.Nd3 h6 18.Bxf6 Bxf6 19.Ne4 Bg5 20.Qxf8+ Qxf8 21.Rxf8+ Rxf8 22.Nxg5 hxg5
23.Kg2 g4 24.Rd1 Rf3 25.Rd2 a5 26.h3 Re3 27.hxg4 b6 28.g5 a4 29.bxa4 Na5
30.Nf4 Re4 31.Kf3 Re3+ 32.Kf2 Re4 33.g6 Kf8 34.Kf3 Re3+ 35.Kg4 Nc6 36.Rh2  1-0

[Event "Wisla BES op"]
[Site "Wisla"]
[Date "1992.??.??"]
[Round "3"]
[White "Rotstein, Arkadij"]
[Black "Sikora Gizynska, Bozena"]
[Result "1/2-1/2"]
[WhiteElo "2410"]
[BlackElo "2225"]

1.c4 e6 2.Nf3 d5 3.b3 Nf6 4.g3 Be7 5.Bg2 O-O 6.O-O d4 7.e3 c5 8.exd4 cxd4
9.d3 Nc6 10.Re1 Re8 11.Na3 Bb4 12.Re2 e5 13.Nd2 Bf5 14.Ne4 Nxe4 15.Bxe4 Bxe4
16.Rxe4 f5 17.Rh4 Be7 18.Rh3 g6 19.Nc2 a5 20.Bh6 Bg5 21.Bxg5 Qxg5 22.Rh4 Qf6
23.Qf3 Kg7 24.Qg2 h6 25.Re1 g5 26.Rh3 g4 27.Rh4 e4 28.dxe4 Ne5 29.Nxd4 Rad8
30.f4 Rxd4 31.fxe5 Qxe5 32.Rf1 Rxe4 33.Rh5 Kg6 34.Rhxf5 Qxf5 35.Rxf5 Kxf5
36.Qf2+ Kg5 37.Kf1 R8e6 38.Qd2+ Kg6 39.Qxa5 Rf6+ 40.Kg1 Re2 41.Qd5 Re1+ 42.Kg2 Re2+  1/2-1/2

[Event "Oberliga Wuert9192"]
[Site "Wuerttemberg"]
[Date "1992.??.??"]
[Round "?"]
[White "Knoedler, Dieter"]
[Black "Dittmar, Peter"]
[Result "0-1"]
[WhiteElo "2245"]
[BlackElo "2310"]

1.c4 e6 2.Nf3 d5 3.g3 Nf6 4.Bg2 Be7 5.O-O O-O 6.b3 c5 7.Bb2 b6 8.e3 Bb7 9.Nc3 Nbd7
10.Qe2 Rc8 11.Rac1 Qc7 12.Rfd1 Qb8 13.cxd5 Nxd5 14.Nxd5 Bxd5 15.d4 Qa8 16.dxc5 Nxc5
17.Ne1 Bxg2 18.Qg4 f6 19.Nxg2 Qe4 20.Qxe4 Nxe4 21.Nf4 Kf7 22.Rd7 Rfd8 23.Rcc7 Rxd7
24.Rxd7 a5 25.Ba3 Nc5 26.Ra7 Rc6 27.Ne2 e5 28.Nc3 Ke6 29.Nb5 Nd7 30.Bxe7 Kxe7
31.Rc7 Rxc7 32.Nxc7 Kd6 33.Nb5+ Kc5 34.Na3 Kb4 35.Nb1 Nc5 36.Kf1 Nd3 37.Nd2 Ka3
38.Ke2 Nb2 39.e4 Kxa2 40.f4 Ka3 41.fxe5 fxe5 42.Nf3 Kxb3 43.Nxe5 a4 44.Nc6 a3
45.Nd4+ Kc3  0-1

[Event "Wuerzburg op"]
[Site "Wuerzburg"]
[Date "1992.??.??"]
[Round "?"]
[White "Reschke, Stefan"]
[Black "Semkov, Semko"]
[Result "0-1"]
[WhiteElo "2325"]
[BlackElo "2480"]

1.c4 e6 2.Nf3 d5 3.b3 Nf6 4.g3 Be7 5.Bb2 c6 6.Bg2 O-O 7.O-O b5 8.d3 Qb6 9.Qc2 Nbd7
10.Nbd2 Bb7 11.e4 Rfc8 12.Rac1 a5 13.Qb1 a4 14.cxd5 cxd5 15.Bd4 Qa5 16.Rxc8+ Rxc8
17.Rc1 Rxc1+ 18.Qxc1 dxe4 19.Ng5 axb3 20.axb3 Ba3 21.Qa1 Qxd2 22.Qxa3 Qxg5
23.Qe7 Qc1+ 24.Bf1 Qc8  0-1

[Event "Zalaegerszeg op"]
[Site "Zalaegerszeg"]
[Date "1992.??.??"]
[Round "?"]
[White "Vadasz, Laszlo"]
[Black "Almasi, Istvan"]
[Result "1/2-1/2"]
[WhiteElo "2305"]
[BlackElo "2430"]

1.Nf3 e6 2.c4 d5 3.g3 Nf6 4.Bg2 Be7 5.O-O O-O 6.d4 dxc4 7.Qc2 a6 8.Qxc4 b5
9.Qc2 Bb7 10.Bf4 Nc6 11.Rd1 Nb4 12.Qc1 Rc8 13.Nc3 Nbd5 14.Nxd5 Nxd5 15.Bg5 c5
16.dxc5 Qe8 17.Bxe7 Qxe7 18.Qd2 Rxc5 19.Rac1 Rfc8 20.Ne1 Rxc1  1/2-1/2

[Event "DEN-chJ"]
[Site "Aarhus"]
[Date "1993.??.??"]
[Round "5"]
[White "Plomp, Gordon"]
[Black "Sergejev, Roman"]
[Result "1/2-1/2"]
[WhiteElo "2200"]
[BlackElo "2250"]

1.c4 e6 2.Nf3 d5 3.e3 Nf6 4.Be2 Bd6 5.O-O O-O 6.b3 b6 7.Bb2 Nbd7 8.Nc3 a6
9.d4 Bb7 10.Rc1 Qe7 11.Qc2 Rac8 12.Rfd1 c5 13.Nd2 cxd4 14.exd4 e5 15.dxe5 Nxe5
16.cxd5 Neg4 17.h3 Nxf2 18.Rf1 Nxh3+ 19.gxh3 Qe3+ 20.Rf2 Bc5 21.Nde4 Nxe4
22.Nxe4 Bxd5 23.Qc3 Qxc1+ 24.Bxc1 Bxf2+ 25.Kxf2 Rxc3 26.Nxc3 Bb7  1/2-1/2

[Event "Alcobendas op"]
[Site "Alcobendas"]
[Date "1993.??.??"]
[Round "9"]
[White "Elguezabal Varela, Daniel"]
[Black "Estremera Panos, Sergio"]
[Result "1-0"]
[WhiteElo "2300"]
[BlackElo "2365"]

1.c4 e6 2.Nf3 d5 3.g3 dxc4 4.Qa4+ Nd7 5.Bg2 c5 6.O-O a6 7.Qxc4 b5 8.Qc2 Bb7
9.b3 Ngf6 10.Bb2 Be7 11.d3 O-O 12.Nbd2 Re8 13.Rac1 Bf8 14.d4 Rc8 15.Qb1 cxd4
16.Nxd4 Bxg2 17.Kxg2 Bc5 18.N4f3 Qb6 19.Ne4 Nxe4 20.Qxe4 Nf6 21.Bxf6 gxf6
22.Qg4+ Kh8 23.Qh5 Kg7 24.Rfd1 Rc7 25.Rd3 Rec8 26.Rcd1 Re7 27.Rd7 Rf8 28.e3 Qc6
29.R7d2 Rc7 30.Rc1 Qb6 31.Qg4+ Kh8 32.Qf4 e5 33.Qf5 Qe6 34.Qe4 Re8 35.Nh4 Bxe3
36.Rxc7 Bxd2 37.Rc6 Qd7 38.Rxa6 Qd4 39.Qf5 Qd5+ 40.Kg1 Bg5 41.Nf3 Qd1+ 42.Kg2 Qd5
43.h4 Qb7 44.Rd6 e4 45.Nxg5 fxg5 46.Rd7 Qc6 47.Rxf7 e3+ 48.f3 Qh6 49.hxg5 Qg6
50.Rf8+  1-0